000 00830nam a2200229 i 4500
003 DO-SdBNP
005 20230609141133.0
006 a||||gr|||| 00| 0
007 ta
008 230609q1986 dr a|||g |||| 00| 0 spa d
040 _aDO-SdBNP
_bspa
_cBNPHU
_erda
082 4 _222
_bH673c
245 0 0 _aHistoria de un candidato que promete un "gobierno de muñeca dura" :
_bdocumentos secretos Jacobo Majluta Azar PRD 1986. /
246 _aDocumentos Secretos Jacobo Majluta Azar PRD 1986.
264 _a[Santo Domingo] :
_bComité Pro - Modernización de la Administración Pública,
_c[1986?]
300 _a[12 hojas] :
_bIlustraciones, facsímil ;
_c21 cm.
336 _2rdaconten
_atexto
_btxt
337 _2rdamedia
_asin medición
_bn
338 _2rdacarrier
_avolumen
_bnc
590 _aInventariado 2023 / MF
942 _2ddc
_cLF2
999 _c53754
_d53754